Cerramientos y trazas de montea / (Record no. 8925)

MARC details
000 -LEADER
campo de control de longitud fija 00933nam a2200265 i 4500
001 - NÚMERO DE CONTROL
campo de control 8925
003 - IDENTIFICADOR DE NÚMERO DE CONTROL
campo de control ES-MaACL
005 - FECHA Y HORA DE LA ÚLTIMA TRANSACCIÓN
campo de control 20230906145550.0
007 - CAMPO FIJO DE DESCRIPCIÓN FÍSICA--INFORMACIÓN GENERAL
campo de control de longitud fija t|
008 - DATOS DE LONGITUD FIJA--INFORMACIÓN GENERAL
campo de control de longitud fija 921113s1986 sp |||| | spa d
020 ## - NÚMERO INTERNACIONAL ESTÁNDAR DEL LIBRO
Número Internacional Estándar del Libro 84-7433-416-0
080 ## - NÚMERO DE LA CLASIFICACIÓN DECIMAL UNIVERSAL
Número de la Clasificación Decimal Universal 72:091.07
080 ## - NÚMERO DE LA CLASIFICACIÓN DECIMAL UNIVERSAL
Número de la Clasificación Decimal Universal 091 Martínez de Aranda, Ginés
100 1# - ENTRADA PRINCIPAL--NOMBRE DE PERSONA
Nombre de persona Martínez de Aranda, Ginés.
9 (RLIN) 77978
245 10 - MENCIÓN DEL TÍTULO
Título Cerramientos y trazas de montea /
Mención de responsabilidad, etc. Ginés Martínez de Aranda.
260 ## - PUBLICACIÓN, DISTRIBUCIÓN, ETC.
Lugar de publicación, distribución, etc. Madrid :
Nombre del editor, distribuidor, etc. Servicio Histórico Militar :
-- Comisión de Estudios Históricos de Obras Públicas y Urbanismo,
Fecha de publicación, distribución, etc. D.L. 1986.
300 ## - DESCRIPCIÓN FÍSICA
Extensión 295 p. ;
Dimensiones 25 cm.
490 1# - MENCIÓN DE SERIE
Mención de serie Biblioteca CEHOPU
650 14 - PUNTO DE ACCESO ADICIONAL DE MATERIA--TÉRMINO DE MATERIA
Término de materia o nombre geográfico como elemento de entrada Arquitectura-
Subdivisión de forma Obras anteriores a 1800.
9 (RLIN) 10001
650 #4 - PUNTO DE ACCESO ADICIONAL DE MATERIA--TÉRMINO DE MATERIA
Término de materia o nombre geográfico como elemento de entrada Montea (Arquitectura)-
Subdivisión de forma Obras anteriores a 1800.
9 (RLIN) 168133
710 1# - ENTRADA AGREGADA--NOMBRE DE ENTIDAD CORPORATIVA
Nombre de entidad corporativa o nombre de jurisdicción como elemento de entrada España.
Unidad subordinada Servicio Histórico Militar.
9 (RLIN) 3980
830 0# - PUNTO DE ACCESO ADICIONAL DE SERIE-TÍTULO UNIFORME
Título uniforme Biblioteca CEHOPU
9 (RLIN) 179233
852 ## - LOCALIZACIÓN
Ubicación ES-MaACL
Número de control de estantería L-16299
Holdings
Estatus retirado Estado de pérdida Estado de daño No para préstamo Biblioteca de origen Biblioteca actual Ubicación en estantería Fecha de adquisición Fuente de adquisición Total de préstamos Signatura topográfica completa Código de barras Visto por última vez Precio de reemplazo Tipo de ítem Koha
        Biblioteca del Ateneo de Madrid Biblioteca del Ateneo de Madrid Depósito 2 17/01/2008     L-16299 1009112 23/02/2023 23/02/2023 Libro impreso